| 000 | 00779nam a2200217Ia 4500 | ||
|---|---|---|---|
| 999 |
_c35331 _d35331 |
||
| 001 | 1183 | ||
| 003 | GE_BSU | ||
| 005 | 20251118201446.0 | ||
| 008 | 181216s1961||||ge |||||||||||||| ||geo|| | ||
| 040 | _cGE_BSU | ||
| 041 | _ageo | ||
| 080 | _a674.047 მ–16 | ||
| 100 |
_aმაისურაძე, ფ. _926265 |
||
| 245 |
_aმერქნის შრობა / _cფ. მაისურაძე, ა. მიზანდარი. |
||
| 264 |
_aთბილისი : _bსაბჭ. საქართველო, _c1961. |
||
| 300 |
_a77 გვ.; _b21 სმ. |
||
| 504 | _aბიბლიოგრ.: გვ. 78. | ||
| 653 | _aმერქნის შრობა | ||
| 700 |
_aმიზანდარი, ა. _eავტორი _926266 |
||
| 942 |
_cBK _2udc |
||